Are you really too sensitive? : (Запис № 469723)

МАРК-запис
000 -LEADER
fixed length control field 01523cam a2200337 a 4500
001 - CONTROL NUMBER
control field areyoureallytoos00calh
003 - CONTROL NUMBER IDENTIFIER
control field CaSfIA
005 - DATE AND TIME OF LATEST TRANSACTION
control field 20210117185039.0
007 - PHYSICAL DESCRIPTION FIXED FIELD--GENERAL INFORMATION
fixed length control field cr||||
008 - FIXED-LENGTH DATA ELEMENTS--GENERAL INFORMATION
fixed length control field 870311s1987 cau 000 0 eng
010 ## - LIBRARY OF CONGRESS CONTROL NUMBER
LC control number 87007983
040 ## - CATALOGING SOURCE
Original cataloging agency DLC
Transcribing agency DLC
Modifying agency BTCTA
-- OCLCG
-- CaSfIA
020 ## - INTERNATIONAL STANDARD BOOK NUMBER
International Standard Book Number 0931892104 (pbk.) :
Terms of availability $12.95
020 ## - INTERNATIONAL STANDARD BOOK NUMBER
International Standard Book Number 9780931892103 (pbk.)
035 ## - SYSTEM CONTROL NUMBER
System control number (OCoLC)15429214
050 00 - LIBRARY OF CONGRESS CALL NUMBER
Classification number BF311
Item number .C15 1987
082 00 - DEWEY DECIMAL CLASSIFICATION NUMBER
Classification number 133.8
Edition number 19
029 1# - (OCLC)
OCLC library identifier NZ1
System control number 4073742
029 1# - (OCLC)
OCLC library identifier AU@
System control number 000005272664
100 1# - MAIN ENTRY--PERSONAL NAME
Personal name Calhoun, Marcy,
Dates associated with a name 1940-
245 10 - TITLE STATEMENT
Title Are you really too sensitive? :
Medium [electronic resource]
Remainder of title how to understand and develop your sensitivity as the strength it is /
Statement of responsibility, etc Marcy Calhoun.
260 ## - PUBLICATION, DISTRIBUTION, ETC. (IMPRINT)
Place of publication, distribution, etc Nevada City, CA :
Name of publisher, distributor, etc Blue Dolphin Pub.,
Date of publication, distribution, etc 1987.
300 ## - PHYSICAL DESCRIPTION
Extent 206 p. ;
Dimensions 22 cm.
506 ## - RESTRICTIONS ON ACCESS NOTE
Standardized terminology for access restriction Необхідна авторизація на https://archive.org/ (створення облікового запису безкоштовно)
506 ## - RESTRICTIONS ON ACCESS NOTE
Standardized terminology for access restriction Необхідна авторизація на https://openlibrary.org/ (створення облікового запису безкоштовно)
650 #0 - SUBJECT ADDED ENTRY--TOPICAL TERM
Topical term or geographic name as entry element Intuition.
856 41 - ELECTRONIC LOCATION AND ACCESS
Uniform Resource Identifier <a href="http://www.archive.org/details/areyoureallytoos00calh">http://www.archive.org/details/areyoureallytoos00calh</a>
Public note Free eBook from the Internet Archive
856 42 - ELECTRONIC LOCATION AND ACCESS
Uniform Resource Identifier <a href="http://www.openlibrary.org/books/OL2379463M">http://www.openlibrary.org/books/OL2379463M</a>
Public note Additional information and access via Open Library
942 ## - ADDED ENTRY ELEMENTS (KOHA)
Koha item type ЕКнига

Немає доступних примірників.